Every country on the map (North America) - Statistics

General Stats
  • This quiz has been taken 22 times
    17 since last reset
  • The average score is 22 of 30
Answers on the Map
Answers color-coded by a green-red scale on the quiz's map according to % correct below.
 
Answer Stats
Answer Notes % Correct
Canada
100%
Mexico
100%
Panama
100%
United States
100%
Costa Rica
92%
El Salvador
92%
Nicaragua
92%
Belize
83%
Cuba
83%
Dominica
83%
Guatemala
83%
Haiti
83%
Honduras
83%
Jamaica
83%
Saint Kitts and Nevis
83%
Saint Lucia
83%
Bahamas
75%
Barbados
75%
Saint Vincent and the Grenadines
75%
Antigua and Barbuda
67%
Dominican Republic
67%
Trinidad and Tobago
67%
Grenada
58%
France **Territories**
50%
Netherlands **Territories**
42%
United Kingdom **Territories**
42%
Colombia **Not in NA but on the map**
33%
Venezuela **Not in NA but on the map**
33%
Denmark **Territory**
25%
Guyana **Not in NA but on the map**
25%
No matching quizzes found
Score Distribution
Percent of People with Each Score
Percentile by Number Answered
Your Score History
You have not taken this quiz since the last reset